000
00318nam a22001337a 4500
008
181019b xxu||||| |||| 00| 0 eng d
020
_a
0070107807
041
_a
eng
080
_2
2nd
_a
330
100
_a
52
101
_a
EKO
245
_a
Fundamental Methods of Mathematical Economics
_c
Chiang,A.C
942
_2
udc
_c
BK
999
_c
50246
_d
50246